000 00520nmm a2200157Ia 4500
008 251105s9999||||xx |||||||||||||||||und||
020 _a9788415965299
041 _aspa
100 _aSanz Asensio, Jesús
245 0 _aQuímica. Equilibrios químicos :
_b Teoría, ejercicios resueltos y prácticas
264 _a[Madrid, España] :
_bVision Libros,
_c[Fecha de publicación no identificada]
300 _a352 páginas
650 _aSciences
856 _uhttps://public.digitaliapublishing.com/a/88795
942 _cCF
999 _c77166
_d77166